000 00267nam a2200109Ia 4500
008 190914s9999||||xx |||||||||||||| ||und||
100 _aS.M.Muneer
245 0 _aBorn to Lead the life and times
260 _aKarachi
_bPrince Book
_c2003
300 _a376
942 _cBK
999 _c9420
_d9420